Công trình cấp thoát nước

Gespeichert in:
Bibliographische Detailangaben
1. Verfasser:  Trương, Chí Hiền
Format: Sách
Sprache:Undetermined
Veröffentlicht:  Đại học Quốc gia Tp. Hồ Chí Minh  2010
Schlagworte:
Tags: Tag hinzufügen
Keine Tags, Fügen Sie den ersten Tag hinzu!
Thư viện lưu trữ: Trung tâm Thư viện - Trường Đại học Công nghiệp TP. Hồ Chí Minh
LEADER 00591nam a2200157Ia 4500
001 UIH_03019
008 231011s9999 xx 000 0 und d
082 |a  627.8 
100 |a  Trương, Chí Hiền 
245 0 |a  Công trình cấp thoát nước 
245 0 |c  Trương, Chí Hiền 
260 |b  Đại học Quốc gia Tp. Hồ Chí Minh 
260 |c  2010 
650 |a  Công trình thủy lực; Thoát nước; Cấp nước;  
927 |a Sách 
980 |a Trung tâm Thư viện - Trường Đại học Công nghiệp TP. Hồ Chí Minh